书目信息 |
| 题名: |
大学英语:精读 第六册(第二版)
|
|
| 作者: | 翟象俊 主编 | |
| 分册: | ||
| 出版信息: | 上海 上海外语教育出版社 1999.04 |
|
| 页数: | 347页 | |
| 开本: | 16开 | |
| 丛书名: | ||
| 单 册: | ||
| 中图分类: | H319.4 | |
| 科图分类: | ||
| 主题词: | 英语 | |
| 电子资源: | ||
| ISBN: | 7-81046-602-X | |
| 000 | 00560nam0 2200181 45 | |
| 001 | 0011201087 | |
| 005 | 20041201102806.19 | |
| 010 | @a7-81046-602-X@dCNY 18.30 | |
| 100 | @a20001120d1999 km y0chiy0120 ea | |
| 101 | 0 | @achi |
| 200 | 1 | @a大学英语:精读 第六册(第二版)@ADa Xue Ying Yu:Jing Du Di Liu Ce(Di Er Ban)@f翟象俊主编@FZhai Xiang Jun Zhu Bian |
| 210 | @a上海@c上海外语教育出版社@d1999.04 | |
| 215 | @a347页@d16开 | |
| 606 | 0 | @a英语 |
| 690 | @aH319.4@v3 | |
| 701 | 0 | @a翟象俊@4主编 |
| 801 | @aCN@bPftUser@c20041201 | |
| 905 | @dH319.4@eD257=2:6@b414567-570@f4 | |
| 大学英语:精读 第六册(第二版)/翟象俊主编.-上海:上海外语教育出版社,1999.04 |
| 347页;16开 |
| ISBN 7-81046-602-X:CNY 18.30 |
| ● |
| 相关链接 |
|
|
|
正题名:大学英语:精读 第六册(第二版)
索取号:H319.4/D257=2:6
 
预约/预借
| 序号 | 登录号 | 条形码 | 馆藏地/架位号 | 状态 | 备注 |
| 1 | 379146 | 203791469 | 自科二线504/504自科库 45排2列5层/ [索取号:H319.4/D257=2:6] | 在馆 | |
| 2 | 379147 | 203791478 | 自科二线504/504自科库 45排2列6层/ [索取号:H319.4/D257=2:6] | 在馆 | |
| 3 | 414567 | 204145674 | 自科二线504/504自科库 45排2列4层/ [索取号:H319.4/D257=2:6] | 在馆 | |
| 4 | 414568 | 204145683 | 语言库209/504自科库 45排2列4层/ [索取号:H319.4/D257=2:6] | 在馆 | |
| 5 | 414569 | 204145692 | 自科二线504/504自科库 45排2列5层/ [索取号:H319.4/D257=2:6] | 在馆 | |
| 6 | 414570 | 204145709 | 自科二线504/504自科库 45排2列4层/ [索取号:H319.4/D257=2:6] | 在馆 | |
| 7 | 428822 | 204288225 | 语言库209/ [索取号:H319.4/D257=2:6] | 在馆 | |
| 8 | 428823 | 204288234 | 语言库209/ [索取号:H319.4/D257=2:6] | 在馆 | |
| 9 | 428824 | 204288243 | 自科二线504/504自科库 45排2列4层/ [索取号:H319.4/D257=2:6] | 在馆 |